000
00304nam a22001337a 4500
003
OSt
005
20220103155358.0
008
220103b |||||||| |||| 00| 0 eng d
040
_c
HU
082
_a
005.86
100
_a
Morris
_9
26937
245
_a
Oracle9i Database Administrator2
942
_2
ddc
_c
BOOKS
_n
0
999
_c
25844
_d
25844